[Event "Hastings Premier 1988/89 64th"]
[Site "Hastings"]
[Date "1988.12.30"]
[Round "2"]
[White "Kosten, Anthony C"]
[Black "Korchnoi, Viktor Lvovich"]
[Result "1/2-1/2"]
[WhiteElo "2515"]
[BlackElo "2595"]
[PlyCount "85"]
[EventDate "1988.12.29"]
[EventType "tourn"]
[EventRounds "14"]
[EventCountry "ENG"]
[EventCategory "14"]
[SourceTitle "BritBase"]
[Source "John Saunders"]
[SourceDate "2023.05.21"]
[SourceVersion "1"]
[SourceVersionDate "2023.05.21"]
[SourceQuality "1"]

1. e4 e6 2. d4 d5 3. Nd2 c5 4. exd5 exd5 5. Ngf3 Nc6 6. Bb5 Qe7+ 7. Be2 Nf6 8.
O-O Qc7 9. Re1 Be6 10. dxc5 Bxc5 11. Nb3 Bb6 12. Nfd4 O-O 13. Be3 Rfe8 14. c3
Bd7 15. Nb5 Qd8 16. Bxb6 Qxb6 17. N5d4 Ne5 18. Qc2 Rac8 19. Rad1 a5 20. Nc1 Nc4
21. Bxc4 dxc4 22. Nce2 Bg4 23. f3 Bd7 24. Ng3 Nd5 25. Qd2 h6 26. Kf1 Qg6 27.
Re4 Nf6 28. Re2 b5 29. Rde1 Rxe2 30. Ngxe2 Qg5 31. Qxg5 hxg5 32. Ng3 Rc5 33.
Ne4 Nxe4 34. Rxe4 Kf8 35. a3 Rd5 36. Kf2 f6 37. Re2 Kf7 38. Re4 Rc5 39. Re2 Bc8
40. Re4 Bd7 41. Re2 Rc7 42. Re4 Rc8 43. Kg3 1/2-1/2

[Event "Hastings Premier 1988/89 64th"]
[Site "Hastings"]
[Date "1988.12.31"]
[Round "3"]
[White "Chandler, Murray G"]
[Black "Larsen, Bent"]
[Result "1/2-1/2"]
[WhiteElo "2605"]
[BlackElo "2560"]
[PlyCount "85"]
[EventDate "1988.12.29"]
[EventType "tourn"]
[EventRounds "14"]
[EventCountry "ENG"]
[EventCategory "14"]
[SourceTitle "BritBase"]
[Source "John Saunders"]
[SourceDate "2023.05.21"]
[SourceVersion "1"]
[SourceVersionDate "2023.05.21"]
[SourceQuality "1"]

1. e4 c5 2. Nf3 d6 3. d4 cxd4 4. Nxd4 Nf6 5. Nc3 Nbd7 6. Be3 a6 7. g4 Nc5 8. f3
e5 9. Nb3 Be6 10. g5 Nh5 11. Qd2 Be7 12. O-O-O O-O 13. Kb1 b5 14. Rg1 Qc7 15.
Nd5 Bxd5 16. exd5 Nxb3 17. cxb3 Qd7 18. Bd3 Rfc8 19. Rc1 Rxc1+ 20. Rxc1 Rc8 21.
Rxc8+ Qxc8 22. a4 g6 23. Ka2 Qh3 24. Be4 f5 25. gxf6 Nxf6 26. Bb6 Nxe4 27. fxe4
Qf1 28. Qb4 Qd3 29. Bc7 Qd4 30. Qxd4 exd4 31. e5 dxe5 32. d6 Bg5 33. d7 Kf7 34.
d8=Q Bxd8 35. Bxd8 Ke6 36. Kb1 Kf5 37. Kc2 g5 38. Kd3 h5 39. Ba5 h4 40. Be1 Kf4
41. Bd2+ Kf5 42. Be1 Kf4 43. Bd2+ 1/2-1/2

[Event "Hastings Premier 1988/89 64th"]
[Site "Hastings"]
[Date "1988.12.31"]
[Round "3"]
[White "Short, Nigel D"]
[Black "Gulko, Boris F"]
[Result "1-0"]
[WhiteElo "2665"]
[BlackElo "2590"]
[PlyCount "107"]
[EventDate "1988.12.29"]
[EventType "tourn"]
[EventRounds "14"]
[EventCountry "ENG"]
[EventCategory "14"]
[SourceTitle "BritBase"]
[Source "John Saunders"]
[SourceDate "2023.05.21"]
[SourceVersion "1"]
[SourceVersionDate "2023.05.21"]
[SourceQuality "1"]

1. e4 e6 2. d4 d5 3. Nc3 Nf6 4. Bg5 Be7 5. e5 Nfd7 6. Bxe7 Qxe7 7. f4 O-O 8.
Nf3 c5 9. Qd2 Nc6 10. O-O-O cxd4 11. Nxd4 Nb6 12. Qe3 Qc5 13. h4 Bd7 14. Rh3
Rac8 15. Rg3 Nxd4 16. Rxd4 Qe7 17. h5 f5 18. exf6 Qxf6 19. Rg5 Bc6 20. Bd3 Rce8
21. Ne2 Nd7 22. Qg3 e5 23. fxe5 Rxe5 24. Rxg7+ Qxg7 25. Rg4 Qxg4 26. Qxg4+ Kh8
27. h6 Re7 28. Nd4 Nf6 29. Qg5 Bd7 30. b4 Ng8 31. Bf5 Rf6 32. Bxd7 Rxd7 33. Nf5
Rg6 34. Qe3 Rf7 35. Qd4+ Rff6 36. Qxd5 Rg5 37. g4 Rxg4 38. Qd7 Nxh6 39. Nxh6
Rg1+ 40. Kb2 Rxh6 41. Qxb7 Rb6 42. Qe4 Rgg6 43. a4 a6 44. b5 Rbe6 45. Qd5 Kg7
46. Kb3 axb5 47. axb5 Re3+ 48. Kb4 Re1 49. Qd4+ Kg8 50. c4 Rb1+ 51. Ka5 Kf7 52.
c5 Rg8 53. Qf4+ Kg7 54. Qg5+ 1-0

[Event "Hastings Premier 1988/89 64th"]
[Site "Hastings"]
[Date "1989.01.01"]
[Round "4"]
[White "Gulko, Boris F"]
[Black "Korchnoi, Viktor Lvovich"]
[Result "1/2-1/2"]
[WhiteElo "2590"]
[BlackElo "2595"]
[PlyCount "87"]
[EventDate "1988.12.29"]
[EventType "tourn"]
[EventRounds "14"]
[EventCountry "ENG"]
[EventCategory "14"]
[SourceTitle "BritBase"]
[Source "John Saunders"]
[SourceDate "2023.05.21"]
[SourceVersion "1"]
[SourceVersionDate "2023.05.21"]
[SourceQuality "1"]

1. c4 f5 2. g3 Nf6 3. Bg2 e5 4. d4 Bb4+ 5. Bd2 Bxd2+ 6. Qxd2 d6 7. Nc3 O-O 8.
e3 c6 9. f3 Be6 10. d5 cxd5 11. cxd5 Bd7 12. Nge2 a5 13. O-O Na6 14. f4 e4 15.
Nd4 Nc7 16. Rfd1 Kh8 17. Nc2 Na6 18. Bf1 Nb4 19. a3 Nxc2 20. Qxc2 Ng4 21. Qe2
Qb6 22. Rd4 Rfc8 23. Rc1 Qb3 24. h3 Nf6 25. Qc2 Qxc2 26. Rxc2 b5 27. Rcd2 Rab8
28. Kf2 g6 29. Be2 Kg7 30. Bd1 Be8 31. Be2 h5 32. Bf1 Rc5 33. Be2 Bf7 34. Nd1
Rxd5 35. Nc3 Rxd4 36. Rxd4 b4 37. axb4 Rxb4 38. Rxb4 axb4 39. Nb5 Ne8 40. Ke1
Kf6 41. h4 Be6 42. Kd2 Bb3 43. Nd4 Ba4 44. b3 1/2-1/2

[Event "Hastings Premier 1988/89 64th"]
[Site "Hastings"]
[Date "1989.01.02"]
[Round "5"]
[White "Chandler, Murray G"]
[Black "Kosten, Anthony C"]
[Result "1-0"]
[WhiteElo "2605"]
[BlackElo "2515"]
[PlyCount "121"]
[EventDate "1988.12.29"]
[EventType "tourn"]
[EventRounds "14"]
[EventCountry "ENG"]
[EventCategory "14"]
[SourceTitle "BritBase"]
[Source "John Saunders"]
[SourceDate "2023.05.21"]
[SourceVersion "1"]
[SourceVersionDate "2023.05.21"]
[SourceQuality "1"]

1. e4 c5 2. Nf3 Nc6 3. d4 cxd4 4. Nxd4 Nf6 5. Nc3 d6 6. Bg5 e6 7. Qd2 a6 8.
O-O-O h6 9. Be3 Be7 10. f4 Nxd4 11. Bxd4 b5 12. Be2 b4 13. Na4 Nxe4 14. Qe3 Nf6
15. Bf3 d5 16. Kb1 Bd7 17. Nb6 Rb8 18. g4 Bb5 19. h4 Kf8 20. g5 Ne8 21. f5 e5
22. Qxe5 Rxb6 23. Bxb6 Qxb6 24. Bxd5 f6 25. Qe4 fxg5 26. hxg5 $1 Bxg5 27. Rhe1
a5 28. Bb3 Qc6 29. Qd4 $1 Nc7 30. Qg4 Qf6 31. Qg3 Qc6 32. f6 gxf6 33. Rd8+ Ne8
34. Rdxe8+ Qxe8 35. Rxe8+ Bxe8 36. Qd6+ Kg7 37. Qc7+ Kg6 38. Qxa5 h5 39. Be6 h4
40. Bh3 Bf7 41. Qxb4 Re8 42. b3 Re3 43. Bg2 h3 44. Bb7 f5 45. a4 f4 46. Ka2 h2
47. Qd6+ Be6 48. a5 Re1 49. a6 Bf6 50. Ka3 Bf5 51. Qxf4 h1=Q 52. Bxh1 Rxh1 53.
Qg3+ Kf7 54. Qc7+ Kg6 55. a7 Be4 56. c4 Rh7 57. Qg3+ Kf5 58. Qf2+ Kg6 59. Qe3
Bh1 60. Qe8+ Kg5 61. a8=Q 1-0

[Event "Hastings Premier 1988/89 64th"]
[Site "Hastings"]
[Date "1989.01.04"]
[Round "6"]
[White "Korchnoi, Viktor Lvovich"]
[Black "Chandler, Murray G"]
[Result "1/2-1/2"]
[WhiteElo "2595"]
[BlackElo "2605"]
[PlyCount "92"]
[EventDate "1988.12.29"]
[EventType "tourn"]
[EventRounds "14"]
[EventCountry "ENG"]
[EventCategory "14"]
[SourceTitle "BritBase"]
[Source "John Saunders"]
[SourceDate "2023.05.21"]
[SourceVersion "1"]
[SourceVersionDate "2023.05.21"]
[SourceQuality "1"]

1. d4 Nf6 2. c4 e6 3. g3 Bb4+ 4. Bd2 Be7 5. Bg2 d5 6. Nf3 O-O 7. O-O c6 8. Qc2
Nbd7 9. Bf4 Nh5 10. Bc1 f5 11. b3 Ndf6 12. e3 Bd7 13. Ba3 Bxa3 14. Nxa3 Ne4 15.
Nb1 Be8 16. Ne5 Qg5 17. Nc3 Nhf6 18. Rae1 Qh6 19. f3 Ng5 20. Nd3 Bd7 21. Qc1
Nf7 22. Qa3 b6 23. Ne5 Be8 24. f4 Nxe5 25. dxe5 Nd7 26. Rd1 Nxe5 27. Nxd5 exd5
28. fxe5 Qxe3+ 29. Kh1 Qxe5 30. cxd5 c5 31. Qa6 Qd6 32. Rde1 Bd7 33. a4 h6 34.
Re2 f4 35. gxf4 Rxf4 36. Rxf4 Qxf4 37. Re7 Rf8 38. Re1 Qd2 39. Rg1 Bf5 40. Qxa7
Qd4 41. Qe7 Bc2 42. Qe6+ Kh7 43. Re1 Rf4 44. Qxb6 Be4 45. Bxe4+ Rxe4 46. Rxe4
Qxe4+ 1/2-1/2

[Event "Hastings Premier 1988/89 64th"]
[Site "Hastings"]
[Date "1989.01.05"]
[Round "7"]
[White "Chandler, Murray G"]
[Black "Short, Nigel D"]
[Result "1/2-1/2"]
[WhiteElo "2605"]
[BlackElo "2665"]
[PlyCount "163"]
[EventDate "1988.12.29"]
[EventType "tourn"]
[EventRounds "14"]
[EventCountry "ENG"]
[EventCategory "14"]
[SourceTitle "BritBase"]
[Source "John Saunders"]
[SourceDate "2023.05.21"]
[SourceVersion "1"]
[SourceVersionDate "2023.05.21"]
[SourceQuality "1"]

1. e4 e6 2. d4 d5 3. Nc3 Nf6 4. e5 Nfd7 5. f4 c5 6. Nf3 Nc6 7. Be3 cxd4 8. Nxd4
Bc5 9. Qd2 Bxd4 10. Bxd4 Nxd4 11. Qxd4 Qb6 12. Qxb6 Nxb6 13. Nb5 Ke7 14. O-O-O
Bd7 15. Nd4 h5 16. g3 Na4 17. Bd3 Nc5 18. h3 Rag8 19. Rhf1 g6 20. Kd2 Be8 21.
Rc1 Bd7 22. b4 Na4 23. c4 dxc4 24. Rxc4 Rc8 25. Rfc1 Rxc4 26. Rxc4 Nb2 27. Rc7
Nxd3 28. Kxd3 Rb8 29. b5 Kd8 30. Rc3 b6 31. Ke4 Rb7 32. g4 hxg4 33. hxg4 Ke7
34. Kf3 Kf8 35. Ke3 Kg7 36. Kd3 Kf8 37. Kc2 Kg7 38. Kb3 Kf8 39. Kb4 Ke8 40. Nf3
Ke7 41. Nd2 f6 42. Rh3 fxe5 43. fxe5 Rc7 44. Rh7+ Ke8 45. Rh8+ Ke7 46. Ne4 Rc1
47. a4 Re1 48. Rh7+ Kd8 49. Nf6 Bc8 50. Rxa7 Rxe5 51. a5 bxa5+ 52. Kxa5 Re1 53.
Rg7 e5 54. Rxg6 Be6 55. Kb6 e4 56. Nh5 Bc4 57. Rc6 Be2 58. Nf6 Rb1 59. Re6 Bxb5
60. Kc5 Ba4 61. Rxe4 Rb5+ 62. Kd6 Rb6+ 63. Ke5 Bc6 64. Rf4 Ke7 65. Ng8+ Ke8 66.
g5 Rb5+ 67. Kf6 Kf8 68. Ne7 Be8 69. Nc8 Rc5 70. Nd6 Rc6 71. Ke5+ Ke7 72. Nf5+
Kd8 73. Rd4+ Bd7 74. Nd6 Ke7 75. Ne4 Re6+ 76. Kf4 Rc6 77. Rb4 Be8 78. Rb7+ Ke6
79. Rb5 Bg6 80. Nc5+ Kd6 81. Nb7+ Ke7 82. Na5 1/2-1/2

[Event "Hastings Premier 1988/89 64th"]
[Site "Hastings"]
[Date "1989.01.05"]
[Round "7"]
[White "Kosten, Anthony C"]
[Black "Gulko, Boris F"]
[Result "1/2-1/2"]
[WhiteElo "2515"]
[BlackElo "2590"]
[PlyCount "54"]
[EventDate "1988.12.29"]
[EventType "tourn"]
[EventRounds "14"]
[EventCountry "ENG"]
[EventCategory "14"]
[SourceTitle "BritBase"]
[Source "John Saunders"]
[SourceDate "2023.05.21"]
[SourceVersion "1"]
[SourceVersionDate "2023.05.21"]
[SourceQuality "1"]

1. e4 e5 2. Nf3 Nc6 3. Bc4 Nf6 4. d3 Bc5 5. c3 d6 6. O-O O-O 7. Bb3 a6 8. Nbd2
Ba7 9. Nc4 Ne7 10. Bg5 Ng6 11. Nh4 Nf4 12. Bxf4 exf4 13. Nf3 Bg4 14. e5 dxe5
15. Ncxe5 Qd6 16. d4 Rad8 17. Re1 Bh5 18. Qd2 Bxf3 19. Nxf3 c5 20. Rad1 cxd4
21. cxd4 Bb8 22. h3 h6 23. Ne5 Nd5 24. Qd3 g6 25. Qf3 Kg7 26. Rc1 Ba7 27. Re4
g5 1/2-1/2

[Event "Hastings Premier 1988/89 64th"]
[Site "Hastings"]
[Date "1989.01.05"]
[Round "7"]
[White "Smyslov, Vassily V"]
[Black "Korchnoi, Viktor Lvovich"]
[Result "1/2-1/2"]
[WhiteElo "2550"]
[BlackElo "2595"]
[PlyCount "70"]
[EventDate "1988.12.29"]
[EventType "tourn"]
[EventRounds "14"]
[EventCountry "ENG"]
[EventCategory "14"]
[SourceTitle "BritBase"]
[Source "John Saunders"]
[SourceDate "2023.05.21"]
[SourceVersion "1"]
[SourceVersionDate "2023.05.21"]
[SourceQuality "1"]

1. Nf3 c5 2. c4 Nf6 3. b3 e6 4. Bb2 d5 5. e3 a6 6. Be2 Nc6 7. cxd5 exd5 8. d4
cxd4 9. Nxd4 Bb4+ 10. Bc3 Bd6 11. Nd2 O-O 12. Qc2 Nb4 13. Qb1 Qc7 14. Bb2 Re8
15. a3 Nc6 16. Nxc6 bxc6 17. Bxf6 gxf6 18. Nf3 Bg4 19. Nh4 Bd7 20. Qd3 Re4 21.
Nf3 Qa5+ 22. Nd2 Bf5 23. Qb1 Re5 24. Qc1 Qc7 25. O-O a5 26. Nf3 Ree8 27. Nd4
Bd7 28. g3 Rab8 29. Qc2 c5 30. Nf5 Bf8 31. Rfd1 Qe5 32. Nh4 a4 33. b4 cxb4 34.
axb4 Rxb4 35. Nf3 Qb2 1/2-1/2

[Event "Hastings Premier 1988/89 64th"]
[Site "Hastings"]
[Date "1989.01.06"]
[Round "8"]
[White "Gulko, Boris F"]
[Black "Smyslov, Vassily V"]
[Result "1/2-1/2"]
[WhiteElo "2590"]
[BlackElo "2550"]
[PlyCount "43"]
[EventDate "1988.12.29"]
[EventType "tourn"]
[EventRounds "14"]
[EventCountry "ENG"]
[EventCategory "14"]
[SourceTitle "BritBase"]
[Source "John Saunders"]
[SourceDate "2023.05.21"]
[SourceVersion "1"]
[SourceVersionDate "2023.05.21"]
[SourceQuality "1"]

1. d4 d5 2. c4 c6 3. Nf3 Nf6 4. Nc3 dxc4 5. a4 Bf5 6. Ne5 Nbd7 7. Nxc4 Qc7 8.
g3 e5 9. dxe5 Nxe5 10. Bf4 Nfd7 11. Bg2 Be6 12. Nxe5 Nxe5 13. a5 Rd8 14. Qc2 a6
15. O-O Be7 16. Ne4 O-O 17. Qc3 f6 18. Ng5 fxg5 19. Bxe5 Bd6 20. Bxd6 Qxd6 21.
Qe3 Bc4 22. Ra4 1/2-1/2

[Event "Hastings Premier 1988/89 64th"]
[Site "Hastings"]
[Date "1989.01.06"]
[Round "8"]
[White "Kosten, Anthony C"]
[Black "Larsen, Bent"]
[Result "0-1"]
[WhiteElo "2515"]
[BlackElo "2560"]
[PlyCount "106"]
[EventDate "1988.12.29"]
[EventType "tourn"]
[EventRounds "14"]
[EventCountry "ENG"]
[EventCategory "14"]
[SourceTitle "BritBase"]
[Source "John Saunders"]
[SourceDate "2023.05.21"]
[SourceVersion "1"]
[SourceVersionDate "2023.05.21"]
[SourceQuality "1"]

1. e4 c5 2. Nf3 d6 3. d4 Nf6 4. Nc3 cxd4 5. Nxd4 Nbd7 6. Bc4 g6 7. f3 a6 8. Be3
b5 9. Bb3 Bb7 10. Qd2 Nc5 11. Nd5 Nfd7 12. Bg5 h6 13. Bh4 g5 14. Bg3 e6 15. Nc3
Qb6 16. a4 Bg7 17. Bf2 O-O 18. Nxe6 fxe6 19. Bxe6+ Rf7 20. Bxf7+ Kxf7 21. b4
Qc6 22. bxc5 b4 23. Bd4 bxc3 24. Qxc3 Bxd4 25. Qxd4 Qxc5 26. Rd1 Ke6 27. O-O a5
28. c3 Bc6 29. Rf2 Qxd4 30. cxd4 Bxa4 31. Rb1 d5 32. e5 Rc8 33. f4 gxf4 34.
Rxf4 Rc4 35. Rh4 h5 36. Re1 Bc2 37. Rxh5 Rxd4 38. Rh6+ Ke7 39. Ra6 Be4 40. e6
Nf6 41. Rc1 Rc4 42. Rxc4 dxc4 43. Kf2 Nd5 44. g4 c3 45. Rxa5 c2 46. Ra1 Nc3 47.
Ke3 Nb1 48. Ra7+ Kd6 49. Kxe4 c1=Q 50. e7 Qc8 51. Kd3 Nc3 52. e8=Q Qxe8 53.
Kxc3 Qe3+ 0-1

[Event "Hastings Premier 1988/89 64th"]
[Site "Hastings"]
[Date "1989.01.08"]
[Round "9"]
[White "Short, Nigel D"]
[Black "Speelman, Jonathan S"]
[Result "0-1"]
[WhiteElo "2665"]
[BlackElo "2645"]
[PlyCount "70"]
[EventDate "1988.12.29"]
[EventType "tourn"]
[EventRounds "14"]
[EventCountry "ENG"]
[EventCategory "14"]
[SourceTitle "BritBase"]
[Source "John Saunders"]
[SourceDate "2023.05.21"]
[SourceVersion "1"]
[SourceVersionDate "2023.05.21"]
[SourceQuality "1"]

1. e4 c6 2. d4 d5 3. Nc3 dxe4 4. Nxe4 Nd7 5. Bc4 Ngf6 6. Ng5 e6 7. Qe2 Nb6 8.
Bb3 h6 9. N5f3 c5 10. Bf4 Nbd5 11. Be5 Qa5+ 12. Nd2 b5 13. c4 bxc4 14. Bxc4 Nb6
15. b4 Qxb4 16. Rb1 Qa5 17. Bb5+ Bd7 18. Bxf6 gxf6 19. Ngf3 cxd4 20. O-O Rd8
21. Ne4 Be7 22. Nxd4 Kf8 23. Rfd1 f5 24. Ng3 Bxb5 25. Nxb5 Nd5 26. Rb3 h5 27.
Nd4 Nf4 28. Qf1 Qxa2 29. Rf3 h4 30. Ngxf5 exf5 31. Rxf4 Rh6 32. Ra1 Qd2 33. Ne2
Re6 34. Rxf5 Qxe2 35. Qc1 Red6 {Source: The Times, 10 January 1989} 0-1

[Event "Hastings Premier 1988/89 64th"]
[Site "Hastings"]
[Date "1989.01.09"]
[Round "10"]
[White "Gulko, Boris F"]
[Black "Short, Nigel D"]
[Result "0-1"]
[WhiteElo "2590"]
[BlackElo "2665"]
[PlyCount "120"]
[EventDate "1988.12.29"]
[EventType "tourn"]
[EventRounds "14"]
[EventCountry "ENG"]
[EventCategory "14"]
[SourceTitle "BritBase"]
[Source "John Saunders"]
[SourceDate "2023.05.21"]
[SourceVersion "1"]
[SourceVersionDate "2023.05.21"]
[SourceQuality "1"]

1. d4 f5 2. Nc3 d5 3. Bg5 c6 4. e3 Qb6 5. Na4 Qa5+ 6. c3 Nd7 7. b4 Qc7 8. Nf3
e5 9. Bh4 e4 10. Bg3 Bd6 11. Nd2 Ne7 12. Nc5 Nf6 13. Bxd6 Qxd6 14. f4 exf3 15.
Qxf3 Ng6 16. Bd3 O-O 17. O-O b6 18. Ncb3 Bd7 19. Rae1 Rae8 20. g3 Ne4 21. Bxe4
fxe4 22. Qh5 h6 23. Rxf8+ Nxf8 24. Rf1 Qe6 25. Nc1 Nh7 26. Qd1 Nf6 27. Ne2 g5
28. Qe1 Kg7 29. Kh1 Rf8 30. Ng1 Bc8 31. Qe2 Qg4 32. Qe1 Qh5 33. Rf2 Ng4 34. Rg2
Qf7 35. Nh3 Nxe3 36. Rf2 Nf5 37. Nf1 Qh5 38. Ng1 Ba6 39. Ne3 Nxg3+ 40. Kg2
Rxf2+ 41. Qxf2 Ne2 42. Qf5 Nf4+ 43. Kh1 Qf7 44. Qe5+ Kh7 45. Qd6 Be2 46. Qxc6
Nd3 47. h3 Bf3+ 48. Nxf3 Nf2+ 49. Kg1 Nxh3+ 50. Kh2 Qf4+ 51. Kxh3 Qxf3+ 52. Kh2
Qxe3 53. Qxd5 Qf2+ 54. Kh3 Qf3+ 55. Kh2 Qf2+ 56. Kh3 Qf3+ 57. Kh2 g4 58. Qd7+
Kg6 59. d5 Qf2+ 60. Kh1 Kh5 0-1

[Event "Hastings Premier 1988/89 64th"]
[Site "Hastings"]
[Date "1989.01.10"]
[Round "11"]
[White "Short, Nigel D"]
[Black "Larsen, Bent"]
[Result "1-0"]
[WhiteElo "2665"]
[BlackElo "2560"]
[PlyCount "91"]
[EventDate "1988.12.29"]
[EventType "tourn"]
[EventRounds "14"]
[EventCountry "ENG"]
[EventCategory "14"]
[SourceTitle "BritBase"]
[Source "John Saunders"]
[SourceDate "2023.05.21"]
[SourceVersion "1"]
[SourceVersionDate "2023.05.21"]
[SourceQuality "1"]

1. e4 c6 2. d4 d5 3. Nd2 dxe4 4. Nxe4 Nf6 5. Nxf6+ gxf6 6. c3 Bf5 7. Bf4 Nd7 8.
Bd3 Bg6 9. Ne2 Nb6 10. O-O e6 11. Bg3 Bd6 12. b4 Qc7 13. a4 Nd5 14. Qd2 Rd8 15.
Rab1 O-O 16. c4 Ne7 17. Rb3 Kg7 18. Bb1 b6 19. Bxd6 Qxd6 20. Rh3 Ng8 21. Ba2
Rfe8 22. Rh4 c5 23. bxc5 bxc5 24. d5 Rb8 25. Nc3 Qe5 26. f4 Qd4+ 27. Qxd4 cxd4
28. Nb5 d3 29. d6 a6 30. Nc7 Red8 31. c5 Bf5 32. Bc4 Rb4 33. Bxa6 Rxa4 34. Rd1
Ra5 35. Bb5 h5 36. c6 Kf8 37. d7 Ke7 38. g4 Bxg4 39. Rxd3 Ra1+ 40. Kf2 Nh6 41.
Na6 Ra2+ 42. Ke1 Ra1+ 43. Kd2 Rd1+ 44. Kc3 Rxd3+ 45. Bxd3 Ra8 46. Bb5 1-0

[Event "Hastings Premier 1988/89 64th"]
[Site "Hastings"]
[Date "1989.01.11"]
[Round "12"]
[White "Larsen, Bent"]
[Black "Korchnoi, Viktor Lvovich"]
[Result "1/2-1/2"]
[WhiteElo "2560"]
[BlackElo "2595"]
[PlyCount "109"]
[EventDate "1988.12.29"]
[EventType "tourn"]
[EventRounds "14"]
[EventCountry "ENG"]
[EventCategory "14"]
[SourceTitle "BritBase"]
[Source "John Saunders"]
[SourceDate "2023.05.21"]
[SourceVersion "1"]
[SourceVersionDate "2023.05.21"]
[SourceQuality "1"]

1. Nf3 Nf6 2. c4 e6 3. b3 c5 4. Bb2 Nc6 5. e3 d5 6. cxd5 exd5 7. Bb5 Bd6 8.
Bxf6 Qxf6 9. Nc3 Be6 10. Rc1 Rc8 11. e4 d4 12. e5 Bxe5 13. Ne4 Qf4 14. Nxc5 Bd5
15. Nd3 Qe4+ 16. Qe2 Bf6 17. Nb4 O-O 18. Nxd5 Qxd5 19. O-O Nb4 20. Rxc8 Rxc8
21. Re1 g6 22. Bc4 Qf5 23. a4 Nc2 24. Rc1 Nb4 25. h3 Kg7 26. Re1 a6 27. Qe4
Qxe4 28. Rxe4 Nc2 29. Kf1 Rd8 30. g4 h6 31. h4 g5 32. h5 d3 33. Kg2 Na3 34. Ne1
Bc3 35. Nxd3 Bxd2 36. Nc5 Nxc4 37. bxc4 Bb4 38. Nb3 Bc3 39. Re7 b6 40. c5 Bb4
41. Rc7 bxc5 42. Nxc5 Bxc5 43. Rxc5 Rd4 44. f3 Rxa4 45. Rc6 a5 46. Ra6 Ra1 47.
Kh2 a4 48. Kg2 a3 49. Kh2 a2 50. Kg2 Kf8 51. Ra7 Ke8 52. Ra8+ Kd7 53. Ra6 Kc7
54. Ra8 Kb6 55. Rb8+ 1/2-1/2

[Event "Hastings Premier 1988/89 64th"]
[Site "Hastings"]
[Date "1989.01.11"]
[Round "12"]
[White "Smyslov, Vassily V"]
[Black "Short, Nigel D"]
[Result "1/2-1/2"]
[WhiteElo "2550"]
[BlackElo "2665"]
[PlyCount "27"]
[EventDate "1988.12.29"]
[EventType "tourn"]
[EventRounds "14"]
[EventCountry "ENG"]
[EventCategory "14"]
[SourceTitle "BritBase"]
[Source "John Saunders"]
[SourceDate "2023.05.21"]
[SourceVersion "1"]
[SourceVersionDate "2023.05.21"]
[SourceQuality "1"]

1. d4 Nf6 2. Nf3 d5 3. c4 e6 4. Nc3 Be7 5. Bg5 h6 6. Bh4 O-O 7. Rc1 dxc4 8. e3
c5 9. Bxc4 cxd4 10. Nxd4 Bd7 11. O-O Nc6 12. Nxc6 Bxc6 13. Qxd8 Rfxd8 14. Rfd1
1/2-1/2

[Event "Hastings Premier 1988/89 64th"]
[Site "Hastings"]
[Date "1989.01.12"]
[Round "13"]
[White "Larsen, Bent"]
[Black "Gulko, Boris F"]
[Result "0-1"]
[WhiteElo "2560"]
[BlackElo "2590"]
[PlyCount "124"]
[EventDate "1988.12.29"]
[EventType "tourn"]
[EventRounds "14"]
[EventCountry "ENG"]
[EventCategory "14"]
[SourceTitle "BritBase"]
[Source "John Saunders"]
[SourceDate "2023.05.21"]
[SourceVersion "1"]
[SourceVersionDate "2023.05.21"]
[SourceQuality "1"]

1. g3 e5 2. c4 c6 3. Nf3 e4 4. Nd4 d5 5. cxd5 Qxd5 6. Nb3 Nf6 7. Nc3 Qh5 8. d3
exd3 9. Qxd3 Na6 10. Nd4 Nb4 11. Qe3+ Be7 12. a3 Nbd5 13. Nxd5 Nxd5 14. Qe4 O-O
15. Bg2 Bf6 16. Bf3 Qg6 17. Qxg6 hxg6 18. Nb3 Re8 19. g4 b6 20. Rb1 Ba6 21. Kf1
Rad8 22. Na1 c5 23. Nc2 g5 24. h4 Nf4 25. Be3 Ne6 26. h5 Nd4 27. Bxd4 Bxd4 28.
b4 Bf6 29. b5 Bc8 30. Ne3 Rd2 31. Kg2 Bd4 32. Nf5 Bxf5 33. gxf5 Re5 34. Rhd1
Ra2 35. Rd3 Rxf5 36. Rf1 Re5 37. Kg3 Kf8 38. e3 Bb2 39. Rfd1 Rxa3 40. R3d2 Bc3
41. Rd6 c4 42. Bd5 Rxe3+ 43. fxe3 Be5+ 44. Kf3 Bxd6 45. Bxc4 Ke7 46. Bxf7 Bf4
47. Bg6 Rxe3+ 48. Kg4 Ke6 49. Rd3 Re1 50. Rd8 Rg1+ 51. Kf3 Be5 52. Kf2 Ra1 53.
Re8+ Kd6 54. Bf7 Bd4+ 55. Ke2 Ra3 56. Re4 Be5 57. Rc4 Ke7 58. Bd5 Kf6 59. Rc2
g4 60. Ra2 Ra5 61. Bc4 Kg5 62. Ke3 Kxh5 0-1

[Event "Hastings Challengers 1988/89"]
[Site "Hastings"]
[Date "1988.12.28"]
[Round "1"]
[White "Akhsharumova, Anna M"]
[Black "Britton, Richard"]
[Result "1-0"]
[WhiteElo "2400"]
[BlackElo "2260"]
[PlyCount "75"]
[EventDate "1988.12.28"]
[EventType "swiss"]
[EventRounds "10"]
[EventCountry "ENG"]
[SourceTitle "BritBase"]
[Source "John Saunders"]
[SourceDate "2023.05.21"]
[SourceVersion "1"]
[SourceVersionDate "2023.05.21"]
[SourceQuality "1"]

1. d4 Nf6 2. c4 g6 3. Nc3 Bg7 4. e4 d6 5. f3 e5 6. Nge2 O-O 7. Bg5 Nbd7 8. Qd2
a6 9. d5 Qe8 10. g4 Nc5 11. Ng3 Na4 12. Be2 Nxc3 13. Qxc3 h6 14. Be3 Kh7 15.
Qd2 Ng8 16. c5 Qe7 17. cxd6 cxd6 18. h4 Bd7 19. O-O-O Ba4 20. Rdg1 a5 21. Kb1
Rfc8 22. Bd3 Bf8 23. Bb6 Qd7 24. Bxa5 Bb5 25. Bb4 Ra4 26. a3 Be7 27. Ne2 Bxd3+
28. Qxd3 Ra6 29. g5 h5 30. Rf1 f6 31. f4 exf4 32. Rxf4 Rf8 33. Rhf1 Qe8 34. Bc3
Rf7 35. Nd4 Bd8 36. Ne6 Ba5 37. gxf6 Bxc3 38. Qxc3 1-0

[Event "Hastings Challengers 1988/89"]
[Site "Hastings"]
[Date "1988.12.28"]
[Round "1"]
[White "Arkell, Keith C"]
[Black "Morawietz, Dieter"]
[Result "1-0"]
[WhiteElo "2430"]
[BlackElo "2280"]
[PlyCount "68"]
[EventDate "1988.12.28"]
[EventType "swiss"]
[EventRounds "10"]
[EventCountry "ENG"]
[SourceTitle "BritBase"]
[Source "John Saunders"]
[SourceDate "2023.05.21"]
[SourceVersion "1"]
[SourceVersionDate "2023.05.21"]
[SourceQuality "1"]

1. d4 Nf6 2. Nf3 g6 3. c4 Bg7 4. Nc3 d6 5. g3 O-O 6. Bg2 c5 7. O-O Nc6 8. dxc5
dxc5 9. Bf4 Nh5 10. Be3 Nd4 11. Qd2 Bg4 12. Rfd1 Bxf3 13. exf3 e5 14. Nd5 Qd7
15. f4 exf4 16. Nxf4 Nxf4 17. Bxf4 Bf6 18. Rab1 Rad8 19. Qa5 b6 20. Qa6 Rfe8
21. Be3 Qf5 22. Kh1 Nf3 23. h3 Rd7 24. g4 Qe4 25. Qa4 Red8 26. Re1 Rd3 27. Rf1
Bd4 28. Rbe1 Qb7 29. Rd1 Bxe3 30. fxe3 Rd2 31. Rxd2 Rxd2 32. Rxf3 Qe7 33. Qc6
Rd1+ 34. Bf1 Rd2 1-0